LEADER 01347nam a2200313 u 4500 001 000000072815 003 CaOOAMICUS 005 20070226122301.0 008 020621s1974 fr u000 u fre u 035 $a10934380 040 $aPUL(R)$bita 100 1 $aDaudé, Bernard.$0(OLS)http://pul/name/48185 245 10$aFinances et développement de l'entreprise /$cBernard Daudé, Henri Roudain. 260 $aParis :$bOuvriéres,$cc9074. 300 $a303 p. ;$c19 cm 490 1 $aLes éditions ouvrières 490 1 $aEditions Economie et humanisme.$aInitiation à la gestion 504 $aBibliografia in nota. 650 4$aFinanza.$0(OLS)http://pul/subject/18020 650 4$aImpresa e azienda.$0(OLS)http://pul/subject/1298 700 1 $aRoudain, Henri.$0(OLS)http://pul/name/48186 830 4$aLes éditions ouvrières.$0(OLS)http://pul/title/60955 830 0$aEditions Economie et humanisme.$pInitiation à la gestion.$0(OLS)http://pul/title/95764 850 $aPUL 852 $aPUL$W1$xDP1 Cons. Gen., Altre Classi 1$y22$m843 H 66$j94183$nBK-PRI$b $qStampati$B94183$CPULBib$Z2$F94183 $H $81 941 1 $a8 961 $aINV: 64337 996 $6245$aFinances et développement de l'entreprise$9(OLS)http://pul/title/95763 996 $6260$aParis :$bOuvriéres$9(OLS)http://pul/publisher/74118 LEADER 01508nam a2200325 a 4500 001 000000156858 003 CaOOAMICUS 005 20161129145144.0 008 161129s2013 it u000 u ita r 020 $a978-88-7497-812-0* 032 $aLibriCat 040 $aPUL$bita 082 14$a320.01 100 1 $aAlfano, Giulio,$d1959-$0(OLS)http://pul/name/33137 245 12$aI fondamenti della filosofia politica di Luigi Sturzo / $cGiulio Alfano . 260 $aChieti :$bSolfanelli,$c©2013. 300 $a106 p. ; $c18 cm. 490 1 $aIl Calamo e la Ferula ;$v29 504 $aContiene riferimenti bibliografici. 600 14$aSturzo, Luigi,$csac.,$d1871-1959$xPensiero politico e sociale.$0(OLS)http://pul/subject/5647 830 3$aIl Calamo e la Ferula ;$v29.$0(OLS)http://pul/title/196459 850 $aPUL 852 $aPUL$W1$xSL Diritto e Scienze Sociali 3$y79$m320. 01 ALFGI 2B$j182370$bseconda copia$qDDC 21$B185575$CPULBib$Z2$F185575 $H128978 $81 852 $aPUL$W1$xSL Diritto e Scienze Sociali 3$y79$m320. 01 ALFGI 2$j180142$qDDC 21$B183265$CPULBib$Z2$F183265 $H128401 $81 941 1 $a9 996 $6020$a978-88-7497-812-0*$9(OLS)http://pul/number/161550 996 $6082$a320.01$9(OLS)http://pul/classification/475 996 $6245$aI fondamenti della filosofia politica di Luigi Sturzo / $9(OLS)http://pul/title/196458 996 $6260$aChieti :$bSolfanelli$9(OLS)http://pul/publisher/82962